Создание и исследование универсальных и суперэлектрофильных иодирующих систем на основе соединений со связями азот-иод: автореферат диссертации на соискание ученой степени кандидата химических наук; спец. 02.00.03

Detalhes bibliográficos
Autor principal: Скороходов В. И. Виктор Иванович
Autor Corporativo: Томский политехнический университет
Outros Autores: Чайковский В. К. Витольд Казимирович (научный руководитель)
Resumo:Защита сост. 11.04.2007 г.
Idioma:russo
Publicado em: Томск, [Б. и.], 2007
Assuntos:
Formato: MixedMaterials Livro
KOHA link:https://koha.lib.tpu.ru/cgi-bin/koha/opac-detail.pl?biblionumber=114318

MARC

LEADER 00000nam0a2200000 4500
001 114318
005 20231101215202.0
035 |a (RuTPU)RU\TPU\book\123621 
090 |a 114318 
100 |a 20070420d2007 k y0rusy50 ca 
101 0 |a rus 
102 |a RU 
105 |a y dm 001zy 
200 1 |a Создание и исследование универсальных и суперэлектрофильных иодирующих систем на основе соединений со связями азот-иод  |e автореферат диссертации на соискание ученой степени кандидата химических наук  |e спец. 02.00.03  |f В. И. Скороходов  |g Томский политехнический университет; науч. рук. В. К. Чайковский 
210 |a Томск  |c [Б. и.]  |d 2007 
215 |a 20 с. 
300 |a Защита сост. 11.04.2007 г. 
320 |a Библиогр.: с. 19-20 (9 назв.). 
452 1 |0 (RuTPU)RU\TPU\book\129394  |t Создание и исследование универсальных и суперэлектрофильных иодирующих систем на основе соединений со связями азот-иод  |o автореферат диссертации на соискание ученой степени кандидата химических наук  |f В. И. Скороходов  |g Томский политехнический университет; науч. рук. В. К. Чайковский  |c Томск  |n Б.и.  |d 2007  |a Скороходов, Виктор Иванович 
606 1 |a Иодиды органические  |x Химия  |2 stltpush  |3 (RuTPU)RU\TPU\subj\78481  |9 87840 
610 1 |a органическая химия 
610 1 |a ароматические соединения 
610 1 |a иодирование 
610 1 |a молекулярный йод 
610 1 |a окислители 
610 1 |a связанный йод 
610 1 |a комбинированные методы 
610 1 |a реагенты 
610 1 |a иодирующие системы 
610 1 |a региоселективность 
610 1 |a активность 
610 1 |a оценка 
610 1 |a авторефераты диссертаций 
675 |a 547.32(04)  |v 3 
686 |a 02.00.03  |2 oksvnk 
700 1 |a Скороходов  |b В. И.  |g Виктор Иванович 
702 1 |a Чайковский  |b В. К.  |c российский химик  |c профессор Томского политехнического университета, доктор химических наук  |f 1951-  |g Витольд Казимирович  |2 stltpush  |3 (RuTPU)RU\TPU\pers\23185  |4 727 
712 0 2 |a Томский политехнический университет  |z 1991-  |2 stltpush  |3 (RuTPU)RU\TPU\col\376 
801 1 |a RU  |b 63413507  |c 20070420  |g PSBO 
801 2 |a RU  |b 63413507  |c 20190204  |g PSBO 
942 |c BK